<?xml version="1.0" encoding="UTF-8"?>
<record
    xmlns:xsi="http://www.w3.org/2001/XMLSchema-instance"
    xsi:schemaLocation="http://www.loc.gov/MARC21/slim http://www.loc.gov/standards/marcxml/schema/MARC21slim.xsd"
    xmlns="http://www.loc.gov/MARC21/slim">

  <leader>00271nam a22001097a 4500</leader>
  <datafield tag="040" ind1=" " ind2=" ">
    <subfield code="c">SH</subfield>
  </datafield>
  <datafield tag="082" ind1=" " ind2=" ">
    <subfield code="a">895</subfield>
  </datafield>
  <datafield tag="100" ind1=" " ind2=" ">
    <subfield code="a">&#x178E;&#x17C3;&#x200B; &#x179F;&#x17BB;&#x179C;&#x17BF;&#x1793;</subfield>
  </datafield>
  <datafield tag="245" ind1=" " ind2=" ">
    <subfield code="a">&#x17A2;&#x1780;&#x17D2;&#x179F;&#x179A;&#x179F;&#x17B6;&#x179F;&#x17D2;&#x178F;&#x17D2;&#x179A;&#x1781;&#x17D2;&#x1798;&#x17C2;&#x179A;</subfield>
  </datafield>
  <datafield tag="260" ind1=" " ind2=" ">
    <subfield code="a">RUA</subfield>
    <subfield code="b">&#x178E;&#x17C3; &#x179F;&#x17BB;&#x179C;&#x17BF;&#x1793;</subfield>
    <subfield code="c">2011</subfield>
  </datafield>
  <datafield tag="942" ind1=" " ind2=" ">
    <subfield code="c">KB</subfield>
  </datafield>
  <datafield tag="999" ind1=" " ind2=" ">
    <subfield code="c">8414</subfield>
    <subfield code="d">8414</subfield>
  </datafield>
  <datafield tag="952" ind1=" " ind2=" ">
    <subfield code="0">0</subfield>
    <subfield code="1">0</subfield>
    <subfield code="4">0</subfield>
    <subfield code="6">895_000000000000000_&#x178E;&#x17C3;_2011_C329</subfield>
    <subfield code="7">0</subfield>
    <subfield code="9">48195</subfield>
    <subfield code="a">LBC</subfield>
    <subfield code="b">LBC</subfield>
    <subfield code="c">C329</subfield>
    <subfield code="d">2016-07-27</subfield>
    <subfield code="o">895 &#x178E;&#x17C3; 2011 C329</subfield>
    <subfield code="p">RUA035037</subfield>
    <subfield code="r">2016-07-27</subfield>
    <subfield code="y">KB</subfield>
  </datafield>
  <datafield tag="952" ind1=" " ind2=" ">
    <subfield code="0">0</subfield>
    <subfield code="1">0</subfield>
    <subfield code="4">0</subfield>
    <subfield code="6">895_000000000000000_&#x178E;&#x17C3;_2011_C329</subfield>
    <subfield code="7">0</subfield>
    <subfield code="9">48196</subfield>
    <subfield code="a">LBC</subfield>
    <subfield code="b">LBC</subfield>
    <subfield code="c">C329</subfield>
    <subfield code="d">2016-07-27</subfield>
    <subfield code="o">895  &#x178E;&#x17C3; 2011 C329</subfield>
    <subfield code="p">RUA036438</subfield>
    <subfield code="r">2016-07-27</subfield>
    <subfield code="y">KB</subfield>
  </datafield>
  <datafield tag="952" ind1=" " ind2=" ">
    <subfield code="0">0</subfield>
    <subfield code="1">0</subfield>
    <subfield code="4">0</subfield>
    <subfield code="6">895_000000000000000_&#x178E;&#x17C3;_2011_C329</subfield>
    <subfield code="7">0</subfield>
    <subfield code="9">48197</subfield>
    <subfield code="a">LBC</subfield>
    <subfield code="b">LBC</subfield>
    <subfield code="c">C329</subfield>
    <subfield code="d">2016-07-27</subfield>
    <subfield code="o">895  &#x178E;&#x17C3; 2011 C329</subfield>
    <subfield code="p">RUA035042</subfield>
    <subfield code="r">2016-07-27</subfield>
    <subfield code="y">KB</subfield>
  </datafield>
  <datafield tag="952" ind1=" " ind2=" ">
    <subfield code="0">0</subfield>
    <subfield code="1">0</subfield>
    <subfield code="4">0</subfield>
    <subfield code="6">895_000000000000000_&#x178E;&#x17C3;_2011_C329</subfield>
    <subfield code="7">0</subfield>
    <subfield code="9">48198</subfield>
    <subfield code="a">LBC</subfield>
    <subfield code="b">LBC</subfield>
    <subfield code="c">C329</subfield>
    <subfield code="d">2016-07-27</subfield>
    <subfield code="o">895  &#x178E;&#x17C3; 2011 C329</subfield>
    <subfield code="p">RUA035102</subfield>
    <subfield code="r">2016-07-27</subfield>
    <subfield code="y">KB</subfield>
  </datafield>
  <datafield tag="952" ind1=" " ind2=" ">
    <subfield code="0">0</subfield>
    <subfield code="1">0</subfield>
    <subfield code="4">0</subfield>
    <subfield code="6">895_000000000000000_&#x178E;&#x17C3;_2011_C329</subfield>
    <subfield code="7">0</subfield>
    <subfield code="9">48199</subfield>
    <subfield code="a">LBC</subfield>
    <subfield code="b">LBC</subfield>
    <subfield code="c">C329</subfield>
    <subfield code="d">2016-07-27</subfield>
    <subfield code="o">895  &#x178E;&#x17C3; 2011 C329</subfield>
    <subfield code="p">RUA035023</subfield>
    <subfield code="r">2016-07-27</subfield>
    <subfield code="y">KB</subfield>
  </datafield>
  <datafield tag="952" ind1=" " ind2=" ">
    <subfield code="0">0</subfield>
    <subfield code="1">0</subfield>
    <subfield code="4">0</subfield>
    <subfield code="6">895_000000000000000_&#x178E;&#x17C3;_2011_C329</subfield>
    <subfield code="7">0</subfield>
    <subfield code="9">48200</subfield>
    <subfield code="a">LBC</subfield>
    <subfield code="b">LBC</subfield>
    <subfield code="c">C329</subfield>
    <subfield code="d">2016-07-27</subfield>
    <subfield code="o">895  &#x178E;&#x17C3; 2011 C329</subfield>
    <subfield code="p">RUA034903</subfield>
    <subfield code="r">2016-07-27</subfield>
    <subfield code="y">KB</subfield>
  </datafield>
  <datafield tag="952" ind1=" " ind2=" ">
    <subfield code="0">0</subfield>
    <subfield code="1">0</subfield>
    <subfield code="4">0</subfield>
    <subfield code="6">895_000000000000000_&#x178E;&#x17C3;_2011_C329</subfield>
    <subfield code="7">0</subfield>
    <subfield code="9">48201</subfield>
    <subfield code="a">LBC</subfield>
    <subfield code="b">LBC</subfield>
    <subfield code="c">C329</subfield>
    <subfield code="d">2016-07-27</subfield>
    <subfield code="o">895  &#x178E;&#x17C3; 2011 C329</subfield>
    <subfield code="p">RUA036599</subfield>
    <subfield code="r">2016-07-27</subfield>
    <subfield code="y">KB</subfield>
  </datafield>
  <datafield tag="952" ind1=" " ind2=" ">
    <subfield code="0">0</subfield>
    <subfield code="1">0</subfield>
    <subfield code="4">0</subfield>
    <subfield code="6">895_000000000000000_&#x178E;&#x17C3;_2011_C329</subfield>
    <subfield code="7">0</subfield>
    <subfield code="9">48202</subfield>
    <subfield code="a">LBC</subfield>
    <subfield code="b">LBC</subfield>
    <subfield code="c">C329</subfield>
    <subfield code="d">2016-07-27</subfield>
    <subfield code="o">895  &#x178E;&#x17C3; 2011 C329</subfield>
    <subfield code="p">RUA034977</subfield>
    <subfield code="r">2016-07-27</subfield>
    <subfield code="y">KB</subfield>
  </datafield>
  <datafield tag="952" ind1=" " ind2=" ">
    <subfield code="0">0</subfield>
    <subfield code="1">0</subfield>
    <subfield code="4">0</subfield>
    <subfield code="6">895_000000000000000_&#x178E;&#x17C3;_2011_C329</subfield>
    <subfield code="7">0</subfield>
    <subfield code="9">48203</subfield>
    <subfield code="a">LBC</subfield>
    <subfield code="b">LBC</subfield>
    <subfield code="c">C329</subfield>
    <subfield code="d">2016-07-27</subfield>
    <subfield code="o">895  &#x178E;&#x17C3; 2011 C329</subfield>
    <subfield code="p">RUA035034</subfield>
    <subfield code="r">2016-07-27</subfield>
    <subfield code="y">KB</subfield>
  </datafield>
  <datafield tag="952" ind1=" " ind2=" ">
    <subfield code="0">0</subfield>
    <subfield code="1">0</subfield>
    <subfield code="4">0</subfield>
    <subfield code="6">895_000000000000000_&#x178E;&#x17C3;_2011_C329</subfield>
    <subfield code="7">0</subfield>
    <subfield code="9">48204</subfield>
    <subfield code="a">LBC</subfield>
    <subfield code="b">LBC</subfield>
    <subfield code="c">C329</subfield>
    <subfield code="d">2016-07-27</subfield>
    <subfield code="o">895  &#x178E;&#x17C3; 2011 C329</subfield>
    <subfield code="p">RUA035032</subfield>
    <subfield code="r">2016-07-27</subfield>
    <subfield code="y">KB</subfield>
  </datafield>
  <datafield tag="952" ind1=" " ind2=" ">
    <subfield code="0">0</subfield>
    <subfield code="1">0</subfield>
    <subfield code="4">0</subfield>
    <subfield code="6">895_000000000000000_&#x178E;&#x17C3;_2011_C329</subfield>
    <subfield code="7">0</subfield>
    <subfield code="9">52991</subfield>
    <subfield code="a">LBC</subfield>
    <subfield code="b">LBC</subfield>
    <subfield code="c">C329</subfield>
    <subfield code="d">2016-10-11</subfield>
    <subfield code="o">895  &#x178E;&#x17C3; 2011 C329</subfield>
    <subfield code="p">A00490</subfield>
    <subfield code="r">2016-10-11</subfield>
    <subfield code="w">2016-10-11</subfield>
    <subfield code="y">KB</subfield>
  </datafield>
</record>
